España sagrada. (Record no. 174568)
[ view plain ]
| 000 -LEADER | |
|---|---|
| campo de control de longitud fija | 01169nam a2200289 4500 |
| 001 - NÚMERO DE CONTROL | |
| campo de control | 174568 |
| 003 - IDENTIFICADOR DE NÚMERO DE CONTROL | |
| campo de control | ES-MaACL |
| 005 - FECHA Y HORA DE LA ÚLTIMA TRANSACCIÓN | |
| campo de control | 20250808083900.0 |
| 008 - DATOS DE LONGITUD FIJA--INFORMACIÓN GENERAL | |
| campo de control de longitud fija | 100506s1775 sp p |||| | spa d |
| 080 ## - NÚMERO DE LA CLASIFICACIÓN DECIMAL UNIVERSAL | |
| Número de la Clasificación Decimal Universal | 27(460) |
| 080 ## - NÚMERO DE LA CLASIFICACIÓN DECIMAL UNIVERSAL | |
| Número de la Clasificación Decimal Universal | 274.6 |
| 100 1# - ENTRADA PRINCIPAL--NOMBRE DE PERSONA | |
| Nombre de persona | Flórez, Enrique, |
| Fechas asociadas al nombre | 1702-1773 |
| 9 (RLIN) | 142679 |
| 240 10 - TÍTULO UNIFORME | |
| Título uniforme | España sagrada |
| 245 10 - MENCIÓN DEL TÍTULO | |
| Título | España sagrada. |
| Número de parte o sección de la obra | Tomo XXX, |
| Nombre de parte o sección de la obra | El estado antiguo de la Santa iglesia de Zaragoza... |
| Resto del título | : y una colección de las epistolas de S. Braulio ... / |
| Mención de responsabilidad, etc. | su autor Manuel Risco ... y continuador de las obras del Rmo. Padre maestro Fr. Henrique Florez. |
| 260 ## - PUBLICACIÓN, DISTRIBUCIÓN, ETC. | |
| Lugar de publicación, distribución, etc. | Madrid : |
| Nombre del editor, distribuidor, etc. | en la imprenta de Don Antonio de Sancha, |
| Fecha de publicación, distribución, etc. | 1775. |
| 300 ## - DESCRIPCIÓN FÍSICA | |
| Extensión | [28], 340 [i.e. 440] p. ; |
| Dimensiones | 20 cm. |
| 500 ## - NOTA GENERAL | |
| Nota general | Apéndices, p. 305-440. |
| 504 ## - NOTA DE BIBLIOGRAFÍA, ETC. | |
| Nota de bibliografía, etc. | Índice de las cosas notables del tomo. |
| 546 ## - NOTA DE IDIOMA | |
| Nota de lengua/lenguaje | Apéndices en latín. |
| 600 04 - PUNTO DE ACCESO ADICIONAL DE MATERIA--NOMBRE DE PERSONA | |
| Nombre de persona | Braulio |
| Títulos y otros términos asociados al nombre | Santo- |
| Subdivisión de forma | Epístolas. |
| 9 (RLIN) | 142734 |
| 650 #7 - PUNTO DE ACCESO ADICIONAL DE MATERIA--TÉRMINO DE MATERIA | |
| Término de materia o nombre geográfico como elemento de entrada | Derecho canónico- |
| Subdivisión general | Historia- |
| Subdivisión de forma | Fuentes |
| Fuente del encabezamiento o término | |
| 9 (RLIN) | 142733 |
| 651 #4 - PUNTO DE ACCESO ADICIONAL DE MATERIA--NOMBRE GEOGRÁFICO | |
| Nombre geográfico | España- |
| Subdivisión general | Historia religiosa- |
| Subdivisión de forma | Fuentes. |
| 9 (RLIN) | 142735 |
| 700 1# - ENTRADA AGREGADA--NOMBRE PERSONAL | |
| Nombre de persona | Risco, Manuel. |
| 9 (RLIN) | 97459 |
| 852 4# - LOCALIZACIÓN | |
| Ubicación | ES-MaACL |
| Número de control de estantería | R-1617-69 |
| Encuadernación | C-16767-818 |
| Estatus retirado | Estado de pérdida | Estado de daño | No para préstamo | Colección | Biblioteca de origen | Biblioteca actual | Ubicación en estantería | Fecha de adquisición | Fuente de adquisición | Total de préstamos | Signatura topográfica completa | Código de barras | Visto por última vez | Precio de reemplazo | Tipo de ítem Koha |
|---|---|---|---|---|---|---|---|---|---|---|---|---|---|---|---|
| Libros del s. XVIII | Biblioteca del Ateneo de Madrid | Biblioteca del Ateneo de Madrid | Depósito | 06/05/2010 | R-1646 | 1183254 | 23/02/2023 | 23/02/2023 | Libro impreso antiguo |
